QUEST Central Library Banner

Distributed Generation and Battery Energy Storage System Using EV Load ( Thesis BE) (Record no. 69061)

MARC details
000 -LEADER
fixed length control field 00371nam a22001097a 4500
100 ## - MAIN ENTRY--AUTHOR NAME
Personal name Saqib Ali
-- 21ELACE23
-- Supervisor - Prof.Dr.Aamir Bhatti
245 ## - TITLE STATEMENT
Title Distributed Generation and Battery Energy Storage System Using EV Load ( Thesis BE)
260 ## - PUBLICATION, DISTRIBUTION, ETC. (IMPRINT)
Place of publication Nawabshah
Name of publisher QUEST
Year of publication 2023
300 ## - PHYSICAL DESCRIPTION
Number of Pages 42p.
700 ## - ADDED ENTRY--PERSONAL NAME
Personal name Department of Electrical (ACE) Engineering
942 ## - ADDED ENTRY ELEMENTS (KOHA)
Koha item type Thesis and Dissertation
Holdings
Withdrawn status Lost status Home library Current library Date acquired Accession Number Koha item type
    Research Section Central Library, QUEST, Nawabshah 21/04/2026 P/65-558 Thesis and Dissertation

Copyright © 2018,The QUEST, Nawabshah, Shaheed Benazirabad. All rights reserved
Mr. G. Farooq Channar (Librarian) QUEST, Nawabshah, Sindh, Pakistan 67480.
 Ph#: |   0244-9370381-4 Ext. 2308   Email| lib@quest.edu.pk   Web|  http://www.quest.edu.pk